Beyond modularity: a developmental perspective on cognitive science
Պահպանված է:
| Հիմնական հեղինակ: | |
|---|---|
| Ձևաչափ: | Գիրք |
| Լեզու: | անգլերեն |
| Հրապարակվել է: |
Cambridge
MIT
1996
|
| Հրատարակություն: | 1a. ed |
| Շարք: | Learning, Development, and Conceptual Change
|
| Խորագրեր: | |
| Ցուցիչներ: |
Ավելացրեք ցուցիչ
Չկան պիտակներ, Եղեք առաջինը, ով նշում է այս գրառումը!
|
MARC
| LEADER | 00000nam a2200000 a 4500 | ||
|---|---|---|---|
| 001 | UCL9904 | ||
| 003 | CL-VaPUC | ||
| 008 | 040903e19960000US |||||||||||||||||eng|d | ||
| 020 | |a 0262611147 | ||
| 082 | 0 | 4 | |a 155.413 |b KAR |2 21 |
| 100 | |a Karmiloff-Smith, Annette |e author |9 499010 | ||
| 245 | 1 | 0 | |a Beyond modularity: a developmental perspective on cognitive science |
| 250 | |a 1a. ed | ||
| 300 | |a 234 p | ||
| 942 | |c BK | ||
| 945 | |d 20040903 00:00:00 |a cmena | ||
| 260 | |a Cambridge |b MIT |c 1996 | ||
| 650 | 0 | |a Cognición |9 270347 | |
| 650 | 0 | |a Procesos mentales superiores |9 330839 | |
| 650 | 0 | |a Psicología del niño |9 307305 | |
| 650 | 0 | |a Psicolingüística |9 283371 | |
| 650 | 0 | |a Constructivismo |9 268156 | |
| 583 | |a last modification |c 20040903 00:00:00 |k Rodrigo Vera | ||
| 490 | 0 | |a Learning, Development, and Conceptual Change | |
| 999 | |c 310520 |d 310518 | ||